Archiv für Volkerkunde /

Zapisane w:
Opis bibliograficzny
Format: Książka
Język:German
Wydane: Viena, Austria : Verein Freunde der Völkerkunde, 1982-1983
Etykiety: Dodaj etykietę
Nie ma etykietki, Dołącz pierwszą etykiete!

MARC

LEADER 00000nam^a2200000^a^4500
001 000561515
005 20250526000000.0
009 20260310131924.736
037 |a Acervo ITESO - Biblioteca 
041 |a ALE 
091 |a FHA. 02869 
245 0 0 |a Archiv für Volkerkunde / 
264 1 |a Viena, Austria :  |b Verein Freunde der Völkerkunde,  |c 1982-1983 
300 |a 2 v. (varias paginaciones) ;  |c 24.0 cm. 
336 |a texto  |b txt  |2 rdacontenido 
337 |a sin mediación  |b n  |2 rdamedio 
338 |a volumen  |b nc  |2 rdasoporte 
515 |a Inventario familia Hartung: 747, 1137 
649 |a XX 
910 |a Fondo Horst Hartung Franz 
920 |a Impresos - Libros 
930 |a Libros Antiguos y Raros 
905 |a 135 
901 |a 0500335472  |b IT2  |c LRA  |i D  |u 20250526 
901 |a 0500333140  |b IT2  |c LRA  |i D  |u 20250526 
902 |a https://opac.biblio.iteso.mx/vufind/Record/000561515